01029nam a2200289Ia 4500001000900000003000500009005001700014008004100031010001100072020001800083040000900101082001700110100002600127245019600153260003300349300001100382440011400393503000800507504003100515650002800546650002800574650003200602650001200634700003600646700002700682700003000709dia_4902CHAP20231201110335.0220117s1988 xx 000 0 und d a175700 a92-90-39-1472 cCHAP a634 H37 1988 aHardenburg, Robert E. aAlmacenamiento comercial de frutas, legumbres y existencias de floristerías y víveros /c Robert E. Hardenburg, Alley E. Watada y Chien Yi Wang ; traducción Fernando Durán Ayanegui aCosta Rica :b IICA,c1988 a150 p. aColección Investigación y Desarrollo / Instituto Interamericano de Cooperación para la Agricultura ; 16 aC/e aBibliografía: p. 122-150 aFloresxAlmacenamiento  aFrutasxAlmacenamiento  aHortalizasxAlmacenamiento  aViveros aDurán Ayanegui, Fernando, tr. aWang, Chen Yi, coaut.  aWatada, Alley F., coaut.